[Event "Gibraltar Chess Festival"]
[Site "Gibraltar ENG"]
[Date "2008.01.29"]
[EventDate "2008.01.22"]
[Round "8"]
[Result "1-0"]
[White "Alexander Areshchenko"]
[Black "Elisabeth Paehtz"]
[WhiteElo "2645"]
[BlackElo "2420"]
[PlyCount "227"]

1. e4 e6 2. d4 d5 3. e5 c5 4. c3 Nc6 5. Nf3 Qb6 6. a3 Nh6
7. b4 cxd4 8. cxd4 Nf5 9. Be3 Bd7 10. Bd3 Nxe3 11. fxe3 Be7
12. O-O Rc8 13. Nbd2 Nb8 14. Qe2 Ba4 15. Rac1 Rxc1 16. Rxc1
O-O 17. h4 Nc6 18. Nb1 Nb8 19. g3 f5 20. exf6 Bxf6 21. Kg2 Be8
22. Qc2 h6 23. g4 e5 24. Qb3 exd4 25. Qxd5+ Bf7 26. Qe4 g6
27. exd4 Nc6 28. Bc4 Bg7 29. Bxf7+ Rxf7 30. Rc5 Re7 31. Qxg6
Re2+ 32. Kh3 Re3 33. Rc3 Qxd4 34. Rxe3 Qxe3 35. Nbd2 Nd4
36. Kg2 Nxf3 37. Nxf3 Qxa3 38. Qe6+ Kh8 39. Qc8+ Kh7 40. Qxb7
Qe3 41. Kg3 Kh8 42. Qc8+ Kh7 43. Qf5+ Kh8 44. b5 Bc3 45. Qc2
Ba5 46. Qc8+ Kg7 47. Qd7+ Kg8 48. Qd5+ Kf8 49. Qf5+ Kg7 50. g5
hxg5 51. hxg5 Bc3 52. Kg4 Bb2 53. Qd7+ Kf8 54. Qd5 Qe2 55. Qc6
Kg7 56. Qc7+ Kf8 57. Qc6 Kg7 58. Kh5 Qe7 59. Kh4 Qe2 60. Kg3
Be5+ 61. Nxe5 Qxe5+ 62. Kg4 Qd4+ 63. Kf5 Qd3+ 64. Ke6 Qe3+
65. Kd7 Qxg5 66. Kc7 Qe3 67. Qd7+ Kg6 68. Qd6+ Kh5 69. Kb7 Kh4
70. Ka6 Kh5 71. Qd5+ Kh4 72. Qd8+ Kh5 73. Kb7 Qc5 74. Qe8+ Kh4
75. Qc6 Qd4 76. Ka8 Kh3 77. Qh6+ Kg3 78. Qg6+ Kh4 79. Qh7+ Kg4
80. Qb7 Qc5 81. Kb8 Kh4 82. Qc6 Qd4 83. Kc7 Qg7+ 84. Qd7 Qe5+
85. Kb7 Qc5 86. Kb8 Qb6+ 87. Ka8 a6 88. Qe7+ Kg4 89. Qe4+ Kg5
90. Qd5+ Kh4 91. Qc4+ Kh5 92. bxa6 Kg5 93. Qd5+ Kh4 94. Qh1+
Kg4 95. Qb7 Qd8+ 96. Ka7 Qd4+ 97. Qb6 Qd7+ 98. Kb8 Qe8+
99. Kb7 Qd7+ 100. Qc7 Qb5+ 101. Ka7 Kh4 102. Qb6 Qd7+ 103. Kb8
Qe8+ 104. Kc7 Qe7+ 105. Kc8 Kh3 106. Qd4 Kg2 107. a7 Qe8+
108. Kc7 Qf7+ 109. Kb6 Qb3+ 110. Kc5 Qa3+ 111. Kd5 Qa5+
112. Ke4 Qe1+ 113. Kf5 Qf1+ 114. Ke5 1-0

[Event "Reykjavik Open"]
[Site "Reykjavik ISL"]
[Date "2008.03.05"]
[EventDate "2008.03.03"]
[Round "3"]
[Result "1/2-1/2"]
[White "Stefan Kristjansson"]
[Black "Elisabeth Paehtz"]
[WhiteElo "2476"]
[BlackElo "2420"]
[PlyCount "76"]

1. d4 e6 2. e4 d5 3. e5 c5 4. c3 Nc6 5. Nf3 Qb6 6. Be2 cxd4
7. cxd4 Nh6 8. Bd3 Nf5 9. Bxf5 exf5 10. Nc3 Be6 11. O-O Be7
12. Bg5 Bxg5 13. Nxg5 Qxb2 14. Qd3 Qa3 15. Rab1 Qe7 16. Nh3
Qh4 17. Rxb7 Qxd4 18. Qxd4 Nxd4 19. Rd1 Nc6 20. Nxd5 O-O
21. Nhf4 Rfd8 22. h3 Kf8 23. Rc1 Bxd5 24. Nxd5 Nxe5 25. Ne7
Rdb8 26. Rxb8+ Rxb8 27. Nxf5 g6 28. Ne3 Rb2 29. Rc8+ Kg7
30. Rc2 Rxc2 31. Nxc2 Kf6 32. Kf1 Ke6 33. Ke2 Kd5 34. f4 Nd7
35. Kd3 Nc5+ 36. Ke3 Kc4 37. Nd4 a6 38. g4 Kd5 1/2-1/2

[Event "Reykjavik Open"]
[Site "Reykjavik ISL"]
[Date "2008.03.11"]
[EventDate "2008.03.03"]
[Round "9"]
[Result "1/2-1/2"]
[White "Tania Sachdev"]
[Black "Elisabeth Paehtz"]
[WhiteElo "2417"]
[BlackElo "2420"]
[PlyCount "20"]

1. d4 d6 2. c4 g6 3. Nc3 Bg7 4. e4 Nd7 5. Nf3 e5 6. d5 a5
7. h3 Nc5 8. Be3 f5 9. exf5 gxf5 10. Be2 Ne7 1/2-1/2

[Event "President's Cup"]
[Site "Baku AZE"]
[Date "2008.05.15"]
[EventDate "2008.05.12"]
[Round "4"]
[Result "1-0"]
[White "Elisabeth Paehtz"]
[Black "Amohammad M Soozankar"]
[WhiteElo "2449"]
[BlackElo "2221"]
[PlyCount "67"]

1. e4 e6 2. d4 d5 3. Nc3 Bb4 4. e5 c5 5. a3 Bxc3+ 6. bxc3 Ne7
7. h4 Qa5 8. Bd2 Qa4 9. Qb1 c4 10. h5 h6 11. Nf3 Nbc6 12. g3
Bd7 13. Bh3 O-O-O 14. O-O g6 15. Qc1 g5 16. Nh2 Nf5 17. Qd1 f6
18. g4 Nfxd4 19. cxd4 Nxd4 20. exf6 Qxc2 21. Qxc2 Nxc2 22. Ra2
Ba4 23. f4 d4 24. Rc1 c3 25. Raxc2 Bxc2 26. Rxc2 Kb8 27. Bc1
d3 28. Rxc3 d2 29. Bxd2 Rxd2 30. fxg5 hxg5 31. Nf3 Rd1+
32. Kh2 Rf8 33. Nxg5 Rxf6 34. Bg2 1-0

[Event "Mindsports"]
[Site "Beijing CHN"]
[Date "2008.10.04"]
[EventDate "2008.10.04"]
[Round "3"]
[Result "0-1"]
[White "Atousa Pourkashiyan"]
[Black "Elisabeth Paehtz"]
[WhiteElo "2241"]
[BlackElo "2471"]
[PlyCount "135"]

1. e4 g6 2. d4 Bg7 3. Nf3 d6 4. Nc3 Nf6 5. Be2 Nc6 6. O-O Bg4
7. Be3 O-O 8. Nd2 Bxe2 9. Qxe2 e5 10. Nb3 Nd7 11. Rad1 Re8
12. d5 Ne7 13. Na5 Qc8 14. Qd2 f5 15. Bh6 Nf6 16. Bxg7 Kxg7
17. exf5 Nxf5 18. Nc4 Qd7 19. Ne3 Nd4 20. Ne2 Nf5 21. Nxf5+
Qxf5 22. Ng3 Qf4 23. b3 a5 24. c4 a4 25. Rfe1 Qxd2 26. Rxd2
axb3 27. axb3 Ra3 28. Rd3 Nd7 29. Ne4 Rea8 30. h4 Rb8 31. Rc1
Rf8 32. g3 h6 33. Rc2 b6 34. Kg2 Nf6 35. Nxf6 Rxf6 36. Rcc3
Rf8 37. Rf3 Rf5 38. Rxf5 gxf5 39. Kf3 Kf6 40. Ke3 Ra1 41. Ke2
Rb1 42. Kd2 e4 43. h5 Ke5 44. Ke3 Re1+ 45. Kd2 Rh1 46. Rc2
Rxh5 47. Ra2 Rg5 48. Ra7 Rg7 49. Ra8 Kd4 50. Rh8 Rf7 51. Rxh6
f4 52. gxf4 Rxf4 53. Ke2 Rf7 54. Rh3 Re7 55. Re3 Rg7 56. Rh3
b5 57. cxb5 Kxd5 58. Rc3 Ke5 59. Rc6 d5 60. b6 cxb6 61. Rxb6
d4 62. Rb8 Re7 63. b4 Rd7 64. b5 d3+ 65. Kd2 Kd4 66. b6 Rf7
67. Rd8+ Kc5 68. Rb8 0-1

[Event "Mindsports"]
[Site "Beijing CHN"]
[Date "2008.10.04"]
[EventDate "2008.10.04"]
[Round "6"]
[Result "0-1"]
[White "Valentina Golubenko"]
[Black "Elisabeth Paehtz"]
[WhiteElo "2273"]
[BlackElo "2471"]
[PlyCount "44"]

1. d4 e6 2. c4 Bb4+ 3. Bd2 a5 4. Nf3 Nf6 5. Qc2 d6 6. e4 Nc6
7. Bd3 e5 8. d5 Ne7 9. O-O Ng6 10. Be3 b6 11. a3 Bc5 12. Bd2
a4 13. Nc3 Bd7 14. Qd1 O-O 15. Bc2 Qe8 16. b4 axb3 17. Bxb3
Nh5 18. Ba4 Bxa4 19. Nxa4 Qxa4 20. Qxa4 Rxa4 21. Nh4 Nf6
22. Rfe1 Rxc4 0-1

[Event "Mindsports"]
[Site "Beijing CHN"]
[Date "2008.10.04"]
[EventDate "2008.10.04"]
[Round "7"]
[Result "0-1"]
[White "Elisabeth Paehtz"]
[Black "Monika (Bobrowska) Socko"]
[WhiteElo "2471"]
[BlackElo "2434"]
[PlyCount "128"]

1. b3 d5 2. Bb2 Qd6 3. e3 e5 4. Nf3 Nc6 5. Bb5 f6 6. d4 e4
7. Nfd2 Bd7 8. c4 Nb4 9. Bxd7+ Qxd7 10. O-O c6 11. f3 exf3
12. Qxf3 Bd6 13. Bc3 Nc2 14. e4 Nxa1 15. exd5 cxd5 16. Bxa1
Ne7 17. Nc3 Bb4 18. Re1 O-O 19. c5 Bxc3 20. Bxc3 Rae8 21. Rf1
Ng6 22. a4 Rf7 23. Bb4 Qc6 24. Qf5 Qe6 25. Qxe6 Rxe6 26. Rf5
Ne7 27. Rf1 Re3 28. Kf2 Re6 29. Bc3 Nf5 30. h3 Rfe7 31. Kg1
Ne3 32. Re1 Nc2 33. Rxe6 Rxe6 34. Kf2 Re3 35. Bb2 Re1 36. Bc3
Re6 37. Nf1 g5 38. b4 Na3 39. b5 Nc4 40. Nd2 Nxd2 41. Bxd2 Kf7
42. g4 Kg6 43. Kf3 f5 44. a5 fxg4+ 45. hxg4 h5 46. gxh5+ Kxh5
47. c6 bxc6 48. b6 axb6 49. axb6 Re7 50. Bb4 Rb7 51. Bc5 Kg6
52. Kg4 Kf6 53. Kf3 Kf5 54. Kg3 g4 55. Kf2 Kf4 56. Bd6+ Ke4
57. Bc5 Kf5 58. Kg3 Kg5 59. Kf2 Kh4 60. Kg2 g3 61. Bd6 Rxb6
62. Bxg3+ Kg4 63. Bd6 Rb3 64. Bc5 Kf5 0-1

[Event "Mindsports"]
[Site "Beijing CHN"]
[Date "2008.10.04"]
[EventDate "2008.10.04"]
[Round "8"]
[Result "0-1"]
[White "Irine Kharisma Sukandar"]
[Black "Elisabeth Paehtz"]
[WhiteElo "2303"]
[BlackElo "2471"]
[PlyCount "102"]

1. e4 e6 2. d4 d5 3. Nc3 Nf6 4. Bg5 Bb4 5. e5 h6 6. Be3 Ne4
7. Qg4 Bxc3+ 8. bxc3 Kf8 9. Bd3 Nxc3 10. Bd2 Na4 11. Bb4+ c5
12. dxc5 Nc6 13. Ba3 Qa5+ 14. Kf1 Nxc5 15. Bxc5+ Qxc5 16. Nf3
Bd7 17. Rb1 b6 18. Qf4 Qc3 19. Ke2 Qa3 20. Rb3 Qxa2 21. Nh4
Kg8 22. Qg4 Nxe5 23. Qd4 Nxd3 24. Qxd3 Rc8 25. Rc1 Qa4 26. Nf3
Qc4 27. Ne5 Qxd3+ 28. Nxd3 Kf8 29. Ra1 Rc7 30. Rba3 Rxc2+
31. Kd1 Rc7 32. Rxa7 Rxa7 33. Rxa7 Be8 34. Ne5 g6 35. Rb7 Kg7
36. Rxb6 Ba4+ 37. Kd2 Kf6 38. f4 g5 39. Rb7 Be8 40. Nd3 gxf4
41. Nxf4 h5 42. Rb3 h4 43. Ne2 Rg8 44. Rb8 Ke7 45. Rb7+ Bd7
46. g3 hxg3 47. hxg3 Kd6 48. Rb3 f5 49. Nf4 e5 50. Nd3 Rxg3
51. Rb6+ Kc7 0-1

[Event "Mindsports"]
[Site "Beijing CHN"]
[Date "2008.10.05"]
[EventDate "2008.10.05"]
[Round "1"]
[Result "0-1"]
[White "Le Thao Nguyen Pham"]
[Black "Elisabeth Paehtz"]
[WhiteElo "2304"]
[BlackElo "2471"]
[PlyCount "138"]

1. d4 e6 2. Nf3 Nf6 3. Bf4 b6 4. e3 Bb7 5. h3 g6 6. Be2 Bg7
7. c3 d6 8. O-O Nbd7 9. a4 a6 10. Nbd2 Qe7 11. Bh2 O-O 12. Qc2
e5 13. dxe5 dxe5 14. Rfd1 Nd5 15. Bc4 Rad8 16. Ne4 c6 17. Ned2
Kh8 18. Bf1 Nc5 19. Nc4 e4 20. Nd4 f5 21. b4 Ne6 22. Be5 f4
23. Qxe4 Ng5 24. Bxg7+ Qxg7 25. Qe5 Qxe5 26. Nxe5 fxe3
27. Ndxc6 exf2+ 28. Kh1 Bxc6 29. Nxc6 Rd6 30. c4 Rxc6 31. cxd5
Rd6 32. Rd4 a5 33. bxa5 bxa5 34. Ra2 Rb6 35. g3 Rff6 36. Kg2
Nf3 37. Rf4 Rxf4 38. gxf4 Nh4+ 39. Kxf2 Rb4 40. Rd2 Rxf4+
41. Kg3 Rxa4 42. d6 Nf5+ 43. Kf2 Rf4+ 44. Ke1 Re4+ 45. Kf2 Re8
46. d7 Rd8 47. Bb5 Kg7 48. Ba4 Kf6 49. Re2 Ne7 50. Rb2 Nd5
51. Rb5 Rxd7 52. Rxa5 Rd6 53. Ra7 h5 54. Kf3 Ne7 55. Bb5 Nf5
56. Bf1 Kg5 57. Ra5 Rd4 58. Ra6 Rf4+ 59. Kg2 Ne3+ 60. Kg3
Nxf1+ 61. Kg2 Ne3+ 62. Kh2 Nf5 63. Rb6 Rf2+ 64. Kg1 Rd2
65. Ra6 Rb2 66. Rc6 Nh4 67. Ra6 Kf4 68. Ra3 Nf3+ 69. Kf1 Ke5
0-1

[Event "Mindsports"]
[Site "Beijing CHN"]
[Date "2008.10.05"]
[EventDate "2008.10.05"]
[Round "2"]
[Result "1/2-1/2"]
[White "Elisabeth Paehtz"]
[Black "Hoang Thi Bao Tram"]
[WhiteElo "2471"]
[BlackElo "2250"]
[PlyCount "105"]

1. e4 e5 2. Nf3 Nf6 3. Nc3 Nc6 4. d4 exd4 5. Nxd4 Bb4 6. Nxc6
bxc6 7. Bd3 d5 8. exd5 cxd5 9. O-O O-O 10. Bg5 c6 11. Na4 Be6
12. h3 Be7 13. Re1 h6 14. Bh4 Re8 15. c3 Nd7 16. Bxe7 Qxe7
17. Bc2 Qg5 18. Qd3 g6 19. Qe3 Kg7 20. Qd4+ Qf6 21. Re3 Reb8
22. b3 Rc8 23. Qxf6+ Kxf6 24. g4 g5 25. Rf1 h5 26. gxh5 Rh8
27. f4 gxf4 28. Rxf4+ Kg5 29. Rf2 Rxh5 30. Rg3+ Kh6 31. Kg2
Rg5 32. Rxg5 Kxg5 33. Rf3 Rh8 34. Rg3+ Kf6 35. Nb2 Ne5 36. b4
Rh4 37. Nd3 d4 38. cxd4 Rxd4 39. a3 Bd5+ 40. Kf2 Nc4 41. a4
Nd6 42. Rg4 Rxg4 43. hxg4 Kg5 44. Bd1 Nc4 45. Kg3 Ne3 46. Be2
Bc4 47. Ne5 Bxe2 48. Nxf7+ Kf6 49. Nd8 Nxg4 50. Nxc6 a6 51. b5
axb5 52. axb5 Bxb5 53. Kxg4 1/2-1/2

[Event "Mindsports"]
[Site "Beijing CHN"]
[Date "2008.10.06"]
[EventDate "2008.10.05"]
[Round "5"]
[Result "1-0"]
[White "Huang Qian"]
[Black "Elisabeth Paehtz"]
[WhiteElo "2430"]
[BlackElo "2471"]
[PlyCount "95"]

1. d4 e6 2. Nf3 Nf6 3. c4 d5 4. Nc3 Nbd7 5. Bg5 Bb4 6. cxd5
exd5 7. Rc1 c5 8. dxc5 Qa5 9. Bd2 Qxc5 10. a3 Bxc3 11. Bxc3
Ne4 12. e3 Nxc3 13. Rxc3 Qb6 14. Qd4 O-O 15. Qxb6 Nxb6 16. Nd4
Be6 17. Bd3 Rfc8 18. Rxc8+ Rxc8 19. Kd2 Kf8 20. Nxe6+ fxe6
21. Bxh7 Nc4+ 22. Ke2 Kf7 23. Bd3 Rc6 24. Bxc4 Rxc4 25. Kd2
Rc7 26. Rc1 Rd7 27. Kd3 Kf6 28. Rc8 Ke5 29. f4+ Kd6 30. Kd4 b6
31. h4 Rf7 32. g4 Kd7 33. Rc2 Kd6 34. h5 Re7 35. Rc8 Kd7
36. Rg8 Kd6 37. g5 Rc7 38. h6 gxh6 39. gxh6 Rh7 40. Rg6 Rf7
41. Rg5 Rh7 42. Rh5 a6 43. b3 a5 44. a4 Kd7 45. Ke5 Ke7
46. Rh1 Kf7 47. f5 exf5 48. Kxf5 1-0

[Event "Mindsports"]
[Site "Beijing CHN"]
[Date "2008.10.06"]
[EventDate "2008.10.05"]
[Round "7"]
[Result "1-0"]
[White "Jolanta Zawadzka"]
[Black "Elisabeth Paehtz"]
[WhiteElo "2378"]
[BlackElo "2471"]
[PlyCount "99"]

1. e4 e5 2. Nf3 Nc6 3. Bb5 a6 4. Ba4 Nf6 5. O-O Be7 6. Re1 b5
7. Bb3 d6 8. h3 O-O 9. c3 Nb8 10. d4 Nbd7 11. Nbd2 Bb7 12. Bc2
Re8 13. d5 c6 14. dxc6 Bxc6 15. Nf1 Bf8 16. N3h2 d5 17. exd5
Nxd5 18. Ng4 h5 19. Qd3 g6 20. Nh6+ Bxh6 21. Bxh6 Qf6 22. Qg3
N7b6 23. Bg5 Qg7 24. Rad1 Rac8 25. Bb3 Nc4 26. Nd2 Ndb6
27. Ne4 Bxe4 28. Rxe4 Kh7 29. Qh4 Rc6 30. Re2 f6 31. Bc1 Nd6
32. Bc2 f5 33. b3 Nf7 34. Be3 Nc8 35. c4 Kg8 36. Rd7 Rd6
37. Rd2 f4 38. R2xd6 Ncxd6 39. Bc5 Re6 40. cxb5 axb5 41. b4
Nc4 42. Be4 Qf6 43. Qxf6 Rxf6 44. Bd5 Kg7 45. Be7 Ra6 46. Bc5
Rf6 47. Rb7 e4 48. Bxe4 Nd2 49. Bd5 f3 50. Bd4 1-0

[Event "Mindsports"]
[Site "Beijing CHN"]
[Date "2008.10.07"]
[EventDate "2008.10.05"]
[Round "8"]
[Result "1-0"]
[White "Elisabeth Paehtz"]
[Black "Mariya Muzychuk"]
[WhiteElo "2471"]
[BlackElo "2436"]
[PlyCount "140"]

1. d4 f5 2. g3 Nf6 3. Bg2 g6 4. c4 Bg7 5. Nc3 O-O 6. Nh3 Nc6
7. O-O d6 8. d5 Ne5 9. Qb3 Rb8 10. Be3 a6 11. Ba7 Ra8 12. Bd4
c5 13. dxc6 Nxc6 14. Bb6 Qe8 15. c5+ Kh8 16. cxd6 exd6 17. Nf4
g5 18. Nfd5 Be6 19. Rad1 Qf7 20. Qa3 Nxd5 21. Nxd5 Rac8 22. b3
Ne5 23. Qxd6 Rc6 24. Qb4 Rc2 25. Be3 Rxe2 26. Bxg5 Re4 27. Qd6
Rg8 28. Nf4 Bd7 29. h4 Bc6 30. Nd5 Nd7 31. Bxe4 fxe4 32. Nb4
Bb5 33. Rfe1 Ne5 34. Rxe4 Nf3+ 35. Kg2 Nxg5 36. hxg5 a5
37. Rh4 Bc3 38. Nd5 Bc6 39. Rc4 Bb2 40. Rd2 Ba1 41. Rxc6 bxc6
42. Nf6 Rf8 43. Qxc6 Bxf6 44. Qxf6+ Qxf6 45. gxf6 Rxf6 46. Rd7
Ra6 47. Rd4 Rc6 48. Rd5 Ra6 49. a4 Kg7 50. Rb5 Kg6 51. g4 Ra8
52. f3 Ra6 53. Kg3 Ra8 54. f4 h6 55. Rb6+ Kg7 56. f5 Rd8
57. Rb5 Rd4 58. Rxa5 Rd3+ 59. Kf4 Rxb3 60. Ra7+ Kf6 61. Ra6+
Kg7 62. Rg6+ Kh7 63. Re6 Ra3 64. Re4 Kg7 65. Ke5 Kf7 66. Kd6
Kf6 67. Re6+ Kg5 68. Rg6+ Kf4 69. f6 Rxa4 70. Ke7 Ke5 1-0

[Event "Mindsports"]
[Site "Beijing CHN"]
[Date "2008.10.08"]
[EventDate "2008.10.08"]
[Round "1"]
[Result "1/2-1/2"]
[White "Jovanka Houska"]
[Black "Elisabeth Paehtz"]
[WhiteElo "2399"]
[BlackElo "2471"]
[PlyCount "97"]

1. e4 c5 2. Nf3 g6 3. g3 Bg7 4. Bg2 Nc6 5. O-O e5 6. Nc3 Nge7
7. Nd5 d6 8. Re1 O-O 9. c3 Nxd5 10. exd5 Ne7 11. d4 cxd4
12. cxd4 Nxd5 13. dxe5 dxe5 14. Bg5 f6 15. Nxe5 Nc7 16. Qb3+
Be6 17. Qxb7 fxg5 18. Nc6 Qd2 19. Qxc7 Qxf2+ 20. Kh1 Bg4
21. Rf1 Qxb2 22. Rab1 Rxf1+ 23. Rxf1 Kh8 24. Nd8 Qb8 25. Nf7+
Kg8 26. Qc4 Qc8 27. Qd5 Be6 28. Qxa8 Qxa8 29. Bxa8 Bxf7
30. Rd1 Bxa2 31. Rd8+ Bf8 32. Bd5+ Bxd5+ 33. Rxd5 Bb4 34. Rd8+
Kg7 35. Rd7+ Kh6 36. Rxa7 g4 37. Rb7 Bd6 38. Kg2 Kg5 39. Rxh7
Be5 40. Rb7 Bf6 41. Rb5+ Kh6 42. Kf2 Bd4+ 43. Ke2 Bg1 44. Rb1
Ba7 45. Kd3 Kg5 46. Ke4 Bf2 47. Rb5+ Kh6 48. Kf4 Bg1 49. Ke4
1/2-1/2

[Event "Mindsports"]
[Site "Beijing CHN"]
[Date "2008.10.08"]
[EventDate "2008.10.08"]
[Round "3"]
[Result "0-1"]
[White "Zuzana Borosova"]
[Black "Elisabeth Paehtz"]
[WhiteElo "2234"]
[BlackElo "2471"]
[PlyCount "69"]

1. e4 e5 2. Nf3 Nc6 3. Bc4 Nf6 4. d3 Be7 5. O-O d6 6. c3 O-O
7. h3 Na5 8. Bb5 c5 9. Ba4 Nc6 10. Nbd2 a6 11. Re1 h6 12. Nf1
b5 13. Bc2 Re8 14. Ne3 Bf8 15. Nh2 Be6 16. Nhg4 Nxg4 17. hxg4
Ne7 18. Qf3 d5 19. Nf5 dxe4 20. dxe4 Ng6 21. Be3 c4 22. Rad1
Qc7 23. g3 a5 24. a3 Reb8 25. Kg2 b4 26. axb4 axb4 27. cxb4
Rxb4 28. Bc1 Rc8 29. Rh1 c3 30. bxc3 Qxc3 31. Bd3 Rb3 32. Ne3
Qc6 33. g5 hxg5 34. Be2 Bc5 35. Qh5 0-1

[Event "Mindsports"]
[Site "Beijing CHN"]
[Date "2008.10.08"]
[EventDate "2008.10.08"]
[Round "4"]
[Result "1-0"]
[White "Elisabeth Paehtz"]
[Black "Irine Kharisma Sukandar"]
[WhiteElo "2471"]
[BlackElo "2303"]
[PlyCount "43"]

1. e4 e5 2. Nf3 Nc6 3. Bc4 Bc5 4. d3 Nf6 5. Bb3 h6 6. c3 d5
7. Qe2 O-O 8. h3 Qe7 9. g4 dxe4 10. dxe4 Na5 11. Bc2 Bd6
12. g5 hxg5 13. Bxg5 Qe6 14. Nbd2 Nh7 15. Be3 a6 16. Rg1 Kh8
17. Nh4 Qxh3 18. Nf5 Bxf5 19. exf5 b5 20. O-O-O Qh4 21. Rh1
Qf6 22. Qh5 1-0

[Event "Mindsports"]
[Site "Beijing CHN"]
[Date "2008.10.08"]
[EventDate "2008.10.08"]
[Round "9"]
[Result "1-0"]
[White "Sherily Cua"]
[Black "Elisabeth Paehtz"]
[WhiteElo "2143"]
[BlackElo "2471"]
[PlyCount "107"]

1. d4 e6 2. c4 Bb4+ 3. Bd2 a5 4. Nf3 d6 5. g3 Nf6 6. Qc2 Nc6
7. a3 Bxd2+ 8. Qxd2 O-O 9. Nc3 a4 10. Bg2 Na5 11. Qd3 Bd7
12. O-O Qe7 13. Rad1 Rfe8 14. Nd2 Rab8 15. e3 e5 16. dxe5 Qxe5
17. Rfe1 Bg4 18. Rc1 b6 19. Nxa4 Bf5 20. Qc3 Qe6 21. b4 Nb7
22. Nb2 Bh3 23. Bh1 c5 24. Nd3 Bg4 25. Nf4 Qe7 26. Bg2 Nd8
27. Nb3 Ne6 28. Nd3 Rec8 29. Ra1 Bf5 30. e4 Bg6 31. e5 dxe5
32. Nxe5 Qc7 33. Nc6 Ra8 34. b5 Re8 35. a4 Rac8 36. a5 bxa5
37. Rxa5 Ng4 38. Ra7 Qd6 39. h3 Nf6 40. h4 h5 41. Bf3 Bf5
42. Rd1 Qf8 43. Qb2 Bg4 44. Bxg4 Nxg4 45. Rdd7 Nh6 46. Ne5 Nd4
47. Nxd4 Rxe5 48. Nc6 Re1+ 49. Kg2 Rce8 50. Qd2 R1e2 51. Qd5
Kh7 52. Qxh5 Rb2 53. Rxf7 Qg8 54. Rxg7+ 1-0

[Event "Mindsports"]
[Site "Beijing CHN"]
[Date "2008.10.08"]
[EventDate "2008.10.08"]
[Round "10"]
[Result "0-1"]
[White "Elisabeth Paehtz"]
[Black "Thi Nhu Y Hoang"]
[WhiteElo "2471"]
[BlackElo "2127"]
[PlyCount "96"]

1. Nc3 d5 2. e4 d4 3. Nce2 c5 4. Ng3 Nc6 5. Bc4 g6 6. d3 Bg7
7. a4 h5 8. f4 h4 9. N3e2 e5 10. Nf3 Bg4 11. O-O Bxf3 12. Rxf3
f6 13. Bb5 Qd6 14. fxe5 fxe5 15. Bg5 Bf6 16. Qd2 Rh5 17. Bxf6
Nxf6 18. Raf1 Nd7 19. g4 Rh7 20. Qg5 a6 21. Bc4 Nd8 22. Nc1
Rb8 23. a5 b5 24. axb6 Rxb6 25. Nb3 Qe7 26. Qxe7+ Kxe7 27. h3
Ne6 28. Ra1 Ng5 29. Rff1 Nxh3+ 30. Kh2 Nf4 31. Bxa6 g5 32. Bc4
Rh8 33. Ra7 Kd6 34. Rfa1 Nf6 35. Rg1 Ne2 36. Rg2 Nf4 37. Rf7
Rh6 38. Rg1 Ne2 39. Ra1 Nxg4+ 40. Kh3 Ne3 41. Na5 g4+ 42. Kh2
g3+ 43. Kh3 Nf4+ 44. Rxf4 exf4 45. Nb3 f3 46. e5+ Kxe5
47. Nxc5 Kf4 48. Bb3 f2 0-1

[Event "Mindsports"]
[Site "Beijing CHN"]
[Date "2008.10.08"]
[EventDate "2008.10.08"]
[Round "11"]
[Result "1/2-1/2"]
[White "Elvira Berend"]
[Black "Elisabeth Paehtz"]
[WhiteElo "2328"]
[BlackElo "2471"]
[PlyCount "167"]

1. e4 e5 2. Nf3 Nc6 3. Bc4 Nf6 4. d3 Be7 5. O-O O-O 6. Bb3 d6
7. c3 Na5 8. Bc2 c5 9. Re1 Nc6 10. Nbd2 Re8 11. Nf1 Bf8
12. Ng3 g6 13. a3 Bg7 14. b4 b6 15. Ba4 Bd7 16. Rb1 a6 17. Bb3
h6 18. Bc4 b5 19. Bb3 a5 20. Bb2 axb4 21. axb4 cxb4 22. cxb4
Bg4 23. Bc3 Qb6 24. h3 Be6 25. Bxe6 Rxe6 26. d4 exd4 27. Nxd4
Nxd4 28. Bxd4 Qb7 29. Qd3 Rae8 30. Bxf6 Bxf6 31. Red1 Be5
32. Nf1 Bg7 33. Qd5 Qb6 34. Ne3 Rxe4 35. Qxd6 Qxd6 36. Rxd6
Bf8 37. Rd5 Bxb4 38. Rxb5 Bd6 39. Kf1 Kg7 40. Rd5 Bf4 41. Nc2
Rc4 42. Nd4 Re4 43. Nf3 Rc2 44. Nd4 Rd2 45. g3 Rexd4 46. Rxd4
Rxd4 47. gxf4 Rxf4 48. Kg2 h5 49. Rb5 Kh6 50. Ra5 f5 51. Rb5
h4 52. Rb8 Kg5 53. Rb6 Rd4 54. Ra6 Kh5 55. Ra5 Rd3 56. Rb5 Rd6
57. Rc5 Rf6 58. Kf3 g5 59. Rc8 g4+ 60. Kg2 Kg5 61. Rg8+ Kf4
62. Rh8 Kg5 63. Rg8+ Rg6 64. Rh8 Rh6 65. Ra8 gxh3+ 66. Kxh3
Kf4 67. Ra3 Ke4 68. Re3+ Kf4 69. Rb3 Re6 70. Ra3 Re2 71. Kg2
Kg4 72. Ra4+ f4 73. Kf1 Rc2 74. Kg2 h3+ 75. Kg1 Re2 76. Ra8
Re1+ 77. Kh2 Rf1 78. Rg8+ Kf3 79. Rf8 Rxf2+ 80. Kxh3 Rc2
81. Ra8 Ke3 82. Ra3+ Kf2 83. Kg4 Rc4 84. Rf3+ 1/2-1/2

[Event "Mindsports"]
[Site "Beijing CHN"]
[Date "2008.10.09"]
[EventDate "2008.10.09"]
[Round "1"]
[Result "0-1"]
[White "Yadira Hernandez-Guerrero"]
[Black "Elisabeth Paehtz"]
[WhiteElo "2228"]
[BlackElo "2471"]
[PlyCount "110"]

1. d4 d6 2. Nf3 g6 3. g3 Bg7 4. Bg2 Nf6 5. O-O O-O 6. c4 Nc6
7. Nc3 a6 8. Nd5 Ne8 9. Bg5 h6 10. Be3 e6 11. Nc3 Nf6 12. h3
Rb8 13. Qd2 Kh7 14. Rac1 Bd7 15. d5 Ne7 16. dxe6 Bxe6 17. Bd4
Nc6 18. b3 Qd7 19. Kh2 Nxd4 20. Nxd4 c6 21. Rfd1 Rbd8 22. Na4
Qe7 23. Nxe6 fxe6 24. e3 Rf7 25. Rc2 h5 26. Qa5 Ng8 27. c5 d5
28. e4 Rdf8 29. Qe1 Qc7 30. Kh1 Nh6 31. Nb2 Rd7 32. Nd3 Rdd8
33. Re2 Qf7 34. b4 Ng8 35. h4 Nh6 36. Nf4 d4 37. Rd3 e5
38. Nh3 Kh8 39. Ng5 Qc4 40. Qb1 Ng4 41. Bf3 Nf6 42. Kg2 Bh6
43. Nh3 Rd7 44. Qb3 Qxb3 45. Rxb3 Rdf7 46. Rc2 Kg7 47. a4 Nd7
48. Be2 Rc8 49. Bc4 Re7 50. Rd3 a5 51. b5 Nxc5 52. Rf3 Nxe4
53. Bd3 Nd6 54. Ng5 Bxg5 55. hxg5 e4 0-1

[Event "Mindsports"]
[Site "Beijing CHN"]
[Date "2008.10.09"]
[EventDate "2008.10.09"]
[Round "2"]
[Result "1-0"]
[White "Elisabeth Paehtz"]
[Black "Irine Kharisma Sukandar"]
[WhiteElo "2471"]
[BlackElo "2303"]
[PlyCount "57"]

1. e4 c5 2. Nf3 Nc6 3. c3 Nf6 4. e5 Nd5 5. Bc4 e6 6. d4 cxd4
7. cxd4 d6 8. O-O Qc7 9. Qe2 Be7 10. Bxd5 exd5 11. Nc3 Be6
12. Nb5 Qd7 13. Bf4 dxe5 14. Nxe5 Nxe5 15. Bxe5 O-O 16. Rac1
Bg4 17. f3 Bf5 18. Rc7 Qe6 19. g4 Bg6 20. f4 f5 21. Rc3 Bd8
22. g5 Rf7 23. Re3 Qa6 24. Bd6 h6 25. Re6 Kh7 26. h4 h5
27. Ba3 Qa5 28. Nd6 Bb6 29. Rxg6 1-0

[Event "Mindsports"]
[Site "Beijing CHN"]
[Date "2008.10.10"]
[EventDate "2008.10.09"]
[Round "5"]
[Result "1-0"]
[White "Yelena Dembo"]
[Black "Elisabeth Paehtz"]
[WhiteElo "2446"]
[BlackElo "2471"]
[PlyCount "75"]

1. e4 e5 2. Nf3 Nc6 3. d4 exd4 4. Nxd4 Bb4+ 5. c3 Bc5 6. Nxc6
bxc6 7. Nd2 d6 8. Nb3 Bb6 9. c4 Be6 10. Bd3 Ne7 11. O-O O-O
12. Qe2 Ng6 13. Be3 Bxe3 14. Qxe3 Ne5 15. Rac1 Qh4 16. Be2 f5
17. f4 Nd7 18. Nd4 Qf6 19. Bd3 c5 20. Nxe6 Qxe6 21. Qh3 Qf6
22. Rf2 Qd4 23. Rd1 Nb6 24. e5 g6 25. Bc2 Qxb2 26. Bxf5 Qxf2+
27. Kxf2 Rxf5 28. exd6 cxd6 29. Rxd6 Rxf4+ 30. Kg3 Rf5 31. Qh6
Raf8 32. Qe3 Kg7 33. h3 R8f7 34. Qc3+ Kh6 35. Qe3+ Kg7 36. Qe2
Nd7 37. Rd5 Rf4 38. Rxd7 1-0

[Event "Mindsports"]
[Site "Beijing CHN"]
[Date "2008.10.10"]
[EventDate "2008.10.09"]
[Round "6"]
[Result "1/2-1/2"]
[White "Elisabeth Paehtz"]
[Black "Li Ruofan"]
[WhiteElo "2471"]
[BlackElo "2426"]
[PlyCount "107"]

1. e4 e5 2. Nf3 Nc6 3. Bb5 Nf6 4. d3 Bc5 5. c3 d6 6. h3 a6
7. Ba4 b5 8. Bb3 h6 9. Qe2 Bb6 10. Nbd2 Be6 11. Nf1 d5 12. Ng3
O-O 13. O-O Qd7 14. Rd1 Rfe8 15. Kh2 Qe7 16. Be3 Bxe3 17. Qxe3
Rad8 18. Qe2 Rd7 19. a4 dxe4 20. Nd2 exd3 21. Qf3 Bxb3
22. Nxb3 e4 23. Qe3 Rd5 24. axb5 Rxb5 25. Nd2 Rxb2 26. Rxa6
Qd7 27. Ndxe4 Nxe4 28. Nxe4 Re2 29. Rxd3 Rxe3 30. Rxd7 Nb8
31. fxe3 Nxd7 32. Ng3 Nb6 33. e4 g6 34. Ra5 Kg7 35. Rc5 Re7
36. Kg1 h5 37. Kf2 Nc8 38. e5 Nb6 39. Ne2 Kf8 40. Nd4 Na4
41. Rc6 Rxe5 42. Rxc7 Kg7 43. Kf3 g5 44. Kf2 Kg6 45. Nf3 Re8
46. Rc4 Nb2 47. Rc6+ f6 48. c4 Nd3+ 49. Kg3 h4+ 50. Kh2 Re2
51. Rd6 Nf4 52. Rd2 Rxd2 53. Nxd2 Nd3 54. Kg1 1/2-1/2